000 00580nam a2200205 4500
003 OSt
005 20240709023518.0
006 a
008 240709b |||||||| |||| 00| 0 eng d
020 _a9780521892353
040 _aDWCL-HMN lib.
_cOC
082 _aCirc. 338.4 R878c 2002
100 _aRowe, Ann
245 _aCareer award travel and tourism : standard level /
260 _aCambridge :
_bCambridge University Press,
_cc2002.
300 _b203 p. : col. ill. ;
_c24 cm.
504 _aIncludes index.
650 _a1. Tourist trade.
942 _2ddc
_n0
_cBK-CIRC
_kCirc.
999 _c2127
_d2127